Využitie progresívnych oxidačných metód pri odstraňovaní liečiv z vodných roztokov

Saved in:
Bibliographic Details
Main Author: Somogyi, Štefan (Author)
Other Authors: Soldán, Maroš (Thesis advisor)
Format: Manuscript Book
Language:Slovak
Published: 2024
Subjects:
Online Access:http://is.stuba.sk/zp/portal_zp.pl?podrobnosti=177795
Tags: Add Tag
No Tags, Be the first to tag this record!

MARC

LEADER 00000ntm a22000003a 4500
001 stuzp99157
003 SK-STU
005 20240608212925.1
007 ta
008 150427s2015----xo-----f-mn---000-0-slo-d
040 |a STU  |b slo 
041 0 |a slo 
100 1 |a Somogyi, Štefan  |u 065000  |4 aut  |U MTF Materiálovotechnologická fakulta  |T MTF Ústav integrovanej bezpečnosti  |X 122258  |U M5000  |Y 85  |7 122258 
242 0 1 |a Application of advanced oxidation processes for the removal of pharmaceuticals from aqueous solutions  |y eng 
245 1 0 |a Využitie progresívnych oxidačných metód pri odstraňovaní liečiv z vodných roztokov 
260 |c 2024 
650 4 |a Progresívne oxidačné procesy  |2 slo 
650 4 |a Ozonizácia  |2 slo 
650 4 |a UV fotolýza  |2 slo 
650 4 |a Ibuprofén  |2 slo 
650 4 |a Lúženec  |2 slo 
650 4 |a Advanced Oxidation Processes  |2 eng 
650 4 |a Ozonation  |2 eng 
650 4 |a UV photolysis  |2 eng 
650 4 |a Ibuprofen  |2 eng 
650 4 |a Lúženec  |2 eng 
700 1 |a Soldán, Maroš  |u 065000  |k Z1  |4 ths  |U MTF Materiálovotechnologická fakulta  |T MTF Ústav integrovanej bezpečnosti  |X 2878  |U M5000  |Y 85  |7 A000002878 
856 4 |u http://is.stuba.sk/zp/portal_zp.pl?podrobnosti=177795 
996 |c M* DP-15428  |l MMSKP  |s P  |a 0  |w stuzp99157_0001